Rizikové situácie a poruchy v prevádzke fotovoltických inštalácií

Saved in:
Bibliographic Details
Main Author: Turčan, Štefan (Author)
Other Authors: Kujan, Vladimír (Thesis advisor)
Format: Manuscript Book
Language:Slovak
Published: 2025
Subjects:
Online Access:http://is.stuba.sk/zp/portal_zp.pl?podrobnosti=184563
Tags: Add Tag
No Tags, Be the first to tag this record!

MARC

LEADER 00000ntm a22000003a 4500
001 stuzp99084
003 SK-STU
005 20250614210631.3
007 ta
008 150427s2015----xo-----f-mn---000-0-slo-d
040 |a STU  |b slo 
041 0 |a slo 
100 1 |a Turčan, Štefan  |u 032000  |4 aut  |U FEI Fakulta elektrotechniky a informatiky  |T FEI Ústav elektroenergetiky a aplikovanej elektrotechniky  |X 98076  |U E020  |Y 548  |7 98076 
242 0 1 |a Hazardous situations and faults in the operation of photovoltaic installations  |y eng 
245 1 0 |a Rizikové situácie a poruchy v prevádzke fotovoltických inštalácií 
260 |c 2025 
650 4 |a thermography  |2 eng 
650 4 |a V-A characteristics  |2 eng 
650 4 |a Photovoltaic faults  |2 eng 
650 4 |a operational reliability  |2 eng 
650 4 |a diagnostics  |2 eng 
650 4 |a prevádzková spoľahlivosť  |2 slo 
650 4 |a diagnostika  |2 slo 
650 4 |a termografia  |2 slo 
650 4 |a V-A charakteristiky  |2 slo 
650 4 |a Fotovoltické poruchy  |2 slo 
700 1 |a Kujan, Vladimír  |u 030670  |k Z8  |4 ths  |U FEI Fakulta elektrotechniky a informatiky  |T FEI Znalecký ústav elektrotechniky a informatiky FEI STU  |X 19103  |U 030670  |Y 565  |7 A000019103 
856 4 |u http://is.stuba.sk/zp/portal_zp.pl?podrobnosti=184563